| 000 | 01265cam a2200349 a 4500 | ||
|---|---|---|---|
| 001 | 80443 | ||
| 005 | 20230410132921.0 | ||
| 008 | 970130m19779999sp b 001 0 spa c | ||
| 020 | _a8424914287 (Obra completa) | ||
| 020 | _a8424916204 | ||
| 041 | 1 |
_aspa _hlat |
|
| 043 |
_ae------ _aaw----- _aff----- |
||
| 050 | 1 | 4 |
_aB 171 _bB582 1977 |
| 049 | _aGRAL | ||
| 100 | 0 | _aLivio, Tito. | |
| 130 | 1 | _aBiblioteca Clásica Gredos. | |
| 245 | 1 | 0 |
_aHistoria de Roma desde su fundación : _bLibros XXXI-XXXV / _cTito Livio ; traducción y notas de José Antonio Villar Vidal. |
| 260 |
_aMadrid : _bGredos, _c1977 |
||
| 300 |
_a410 p. ; _c19 cm. |
||
| 440 | 0 |
_aBiblioteca clásica Gredos ; _vn.183 |
|
| 500 | _aTranslation of: Ab urbe condita. | ||
| 504 | _aIncludes bibliographical references and indexes. | ||
| 505 | 0 | _a[1] Libros I-III -- [2] Libros IV-VII -- [3] Libros VIII-X -- [4] Libros XXI-XXV -- [5] Libros XXVI-XXX -- [6] Libros XXXI-XXXV -- [7] Libros XXXVI-XL -- [8] Libros XLI-XLV. | |
| 650 | 0 | _aPhilosophy, Classical. | |
| 650 | 0 | _aPhilosophy, Ancient. | |
| 651 | 0 |
_aRome _xHistory. |
|
| 651 | 4 |
_aRoma _xHistoria _yObras anteriores a 1800. |
|
| 700 | 1 | _aVillar Vidal, José Antonio | |
| 942 |
_2lcc _cbk |
||
| 994 |
_aC0 _bDRFGD |
||
| 946 | _amm | ||
| 999 |
_c90145 _d90145 |
||